La inteligencia emocional aplicada al liderazgo y a las organizaciones / (Registro nro. 13024)

Detalles MARC
000 -LIDER
fixed length control field 00936nam a22002657a 4500
003 - IDENTIFICACDOR DE NÚMERO DE CONTROL
control field DO-SdBNP
005 - DATE AND TIME OF LATEST TRANSACTION
control field 20230523120318.0
008 - ELEMENTOS DE LONGITUD FIJA
fixed length control field 171122b 1998 ck ||||| |||| 00| 0 spa d
020 ## - ISBN
International Standard Book Number 9580441847
040 ## - FUENTE DE CATALOGACIÓN
Agencia que crea de manera original el registro BPMSU
Idioma de catalogación spa
Agencia que realiza la transcripción BPMSU
082 #4 - NÚMERO DE CLASIFICACIÓN DECIMAL DE DEWEY
Classification number 658.4
Item number C776i 1998
Edition number 22
100 1# - ASIENTO PRINCIPAL -- NOMBRE PERSONAL
Nombre personal Cooper, Robert K.
245 10 - MENCIÓN DE TITULO
Título La inteligencia emocional aplicada al liderazgo y a las organizaciones /
Mención de responsabilidad Cooper, Ayman Sawaf ; traducción: Jorge Cárdenas Nannetti.
260 ## - PUBLICACIÓN, DISTRIBUCIÓN, ETC. (PIE DE IMPRENTA)
Lugar de publicación, distribución, etc Santafé de Bogotá, Barcelona :
Nombre del editor, distribuidor, etc. Grupo Editorial Norma,
Fecha de publicación, distribución, etc 1998.
300 ## - DESCRIPCIÓN FÍSICA
Extensión xli, 307 p. :
Otros detalles físicos il ;
Dimensiones 23 cm.
590 ## - NOTA LOCAL
Texto de la nota local Inventariado, 2023/VM
650 #4 - ENCABEZAMIENTO DE MATERIA--TEMÁTICO
Término temático o nombre geográfico como elemento de entrada Aptitud de mando.
650 #4 - ENCABEZAMIENTO DE MATERIA--TEMÁTICO
Término temático o nombre geográfico como elemento de entrada Liderazgo.
650 #4 - ENCABEZAMIENTO DE MATERIA--TEMÁTICO
Término temático o nombre geográfico como elemento de entrada Administración
Subdivisión temática general Aspectos psicológicos.
650 #4 - ENCABEZAMIENTO DE MATERIA--TEMÁTICO
Término temático o nombre geográfico como elemento de entrada Inteligencia emocional.
700 1# - ASIENTO SECUNDARIO -- NOMBRE PERSONAL
Nombre personal Sawaf, Ayman
700 1# - ASIENTO SECUNDARIO -- NOMBRE PERSONAL
Nombre personal Cárdenas Nannetti, Jorge,
Mención de responsabilidad tr.
910 ## - VALIDACIÓN
Validación LOPEREZ/ VMateo V. Control de calidad (BPMSU)
942 ## - ADDED ENTRY ELEMENTS (KOHA)
Source of classification or shelving scheme Dewey Decimal Classification
Koha item type Libros
Existencias
Withdrawn status Lost status Source of classification or shelving scheme Damaged status Not for loan Collection code Home library Current library Date acquired Source of acquisition Full call number Barcode Date last seen Price effective from Koha item type
    Dewey Decimal Classification     Colección General Biblioteca Pública Metropolitana Salomé Ureña Biblioteca Pública Metropolitana Salomé Ureña 11/22/2017 FUNDI BPMSU CG 658.4 C776i 1998 BPMSU17110342 11/22/2017 11/22/2017 Libros